Renewal in worship. (Record no. 13693)

000 -LEADER
fixed length control field 00792nam a2200229 a 4500
001 - CONTROL NUMBER
control field :::00011516$&:&@@
003 - CONTROL NUMBER IDENTIFIER
control field OkBaRHE
005 - DATE AND TIME OF LATEST TRANSACTION
control field 20100402115645.0
008 - FIXED-LENGTH DATA ELEMENTS--GENERAL INFORMATION
fixed length control field s1982 j 000 0 eng u
020 ## - INTERNATIONAL STANDARD BOOK NUMBER
International Standard Book Number 0819213748 (pbk.)
040 ## - CATALOGING SOURCE
Transcribing agency
100 1# - MAIN ENTRY--PERSONAL NAME
Personal name Marshall, Michael, 1936-
245 10 - TITLE STATEMENT
Title Renewal in worship.
260 ## - PUBLICATION, DISTRIBUTION, ETC. (IMPRINT)
Place of publication, distribution, etc London, UK:EN., :
Name of publisher, distributor, etc Marshall Morgan & Scott
Date of publication, distribution, etc 1982
300 ## - PHYSICAL DESCRIPTION
Extent xi, 142 p. ;
Dimensions 21 cm.
650 ## - SUBJECT ADDED ENTRY--TOPICAL TERM
Topical term or geographic name as entry element Anglican Communion
General subdivision Doctrines
650 ## - SUBJECT ADDED ENTRY--TOPICAL TERM
Topical term or geographic name as entry element Anglican Communion
General subdivision Liturgy
650 ## - SUBJECT ADDED ENTRY--TOPICAL TERM
Topical term or geographic name as entry element Public Worship
942 ## - ADDED ENTRY ELEMENTS (KOHA)
Source of classification or shelving scheme
Koha item type Books
Copies
Koha item type Date last seen Price effective from Copy number Source of classification or shelving scheme Shelving location Permanent Location Date acquired Full call number Not for loan Damaged status Barcode Withdrawn status Lost status
Books2010-04-142010-04-141 General StacksRHEMA Bible Training College2010-04-14BX 5141 .M34 1985  11516  
Books2010-04-142010-04-142 General StacksRHEMA Bible Training College2010-04-14BX 5141 .M34 1985  15122